01771nam a2200337Ia 4500003000400000005001700004008004100021020001800062040002100080041000800101082002400109100004300133245010900176250002200285260005100307300003500358490003400393500005300427504003800480505025600518520021200774650003200986650003401018650003301052650003301085650003501118942001201153999001501165952011901180952013401299OSt20200711011030.0191128t2013 ck fr 000 0dspa d a9789587383201 aCO-JMCRcCO-JMCR0 aspa04a337.18 /bV715p2231 aVillamizar, Juan Carlos, eautor9705010aPensamiento económico en Colombia : bconstrucción de un saber, 1948-1970 / cJuan Carlos Villamizar aPrimera edición aBogotá : bUniversidad del Rosario, c©2013 axxvi, 379 páginas ; c24 cm.0 aTextos facultad de economía aIncluye datos biográficos del autor en solapa. aBibliografía: páginas 333-3640 aLas comunidades epistémicas -- El proyecto intelectual de la Cepal -- El desarrollo de América Latina: entre la Cepal y los Estados Unidos (1948-1970) -- Colombia y las ideas de la Cepal (1948-1958) -- Colombia y las ideas de la Cepal (1959-1970) 3 aEste libro analiza la historia del pensamiento económico en América Latina, especialmente el desarrollo del estructuralismo de la Cepal y su posible presencia en Colombia en las décadas de 1950 y 1960.14aHistoria económica 9705114aPensamiento económico9705214aEconomía colombiana 9705314aDesarrollo económico9705414aEconomía internacional97055 2ddccBK c5583d5583 00102ddc40708NFICaCPLbCPLd2018-04-15eDonacióno337.18 / V715p p430002246r2024-05-16 00:00:00tEj.1yBK 00102ddc40708NFICaCPLbCPLd2018-04-15eDonaciónl0o337.18 / V715p p430002247r2024-05-16 00:00:00tEj.2w2020-07-11yBK